[Event "AcademiaPostal-I"]
[Site "http://www.queenalice.com/game.php?id=121916"]
[Date "2006.10.26"]
[Round "-"]
[White "torres"]
[Black "VictorCoruja"]
[Result "0-1"]
[WhiteElo "1336"]
[BlackElo "1100"]

1. e4 e6 2. d4 d5 3. e5 c5 4. c3 Nc6 5. Nf3 Nge7 6. Be2 Qb6 7. Be3 Nf5 8. O-O
Be7 9. b3 O-O 10. h3 f6 11. Qd3 cxd4 12. cxd4 fxe5 13. dxe5 Nxe3 14. fxe3 Bc5
15. Kf2 Nxe5 16. Qb5 Bxe3+ 0-1

[Event "AcademiaPostal-I "]
[Site "http://www.queenalice.com/game.php?id=122788"]
[Date "2006.10.28"]
[Round "-"]
[White "torres"]
[Black "Uchoas"]
[Result "0-1"]
[WhiteElo "1198"]
[BlackElo "1528"]

1. e4 d5 2. c3 Nc6 3. f3 e5 4. Bb5 Bd7 5. d3 d4 6. Ne2 a6 7. Bc4 Qh4+ 8. Ng3 Na5
9. Bd5 O-O-O 10. Qd2 g6 11. b4 Bh6 12. Qf2 Bxc1 13. bxa5 Be3 14. Qb2 c6 15. Bb3
Nh6 16. Nd2 f5 17. O-O-O Rhf8 18. Qc2 f4 19. Ne2 Qf2 0-1

[Event "AcademiaPostal-I"]
[Site "http://www.queenalice.com/game.php?id=123132"]
[Date "2006.10.29"]
[Round "-"]
[White "luiz_gustavo"]
[Black "torres"]
[Result "1-0"]
[WhiteElo "1204"]
[BlackElo "1239"]

1. e4 e5 2. Nf3 Nc6 3. Bb5 f6 4. Nc3 Nge7 5. d3 a6 6. Ba4 b5 7. Bb3 h6 8. d4 Ng6
9. O-O b4 10. Nd5 d6 11. h3 Bb7 12. Ba4 Qb8 13. c3 bxc3 14. bxc3 Be7 15. Rb1 O-O
16. Bxc6 Ra7 17. Be3 Qc8 18. Qb3 Rf7 19. Bxb7 Rxb7 20. Qxb7 1-0

[Event "AcademiaPostal-I"]
[Site "http://www.queenalice.com/game.php?id=123133"]
[Date "2006.10.29"]
[Round "-"]
[White "torres"]
[Black "luiz_gustavo"]
[Result "0-1"]
[WhiteElo "1215"]
[BlackElo "1291"]

1. e4 e5 2. Nf3 Nc6 3. Bc4 h6 4. c3 Nf6 5. a3 Bc5 6. d3 d6 7. b4 Bb6 8. h3 O-O
9. O-O Re8 10. Re1 Be6 11. Bb5 d5 12. Bxc6 bxc6 13. Nxe5 Bd7 14. d4 Nxe4 15. Qf3
f6 16. Ng6 a5 17. Bb2 axb4 18. cxb4 Ng5 19. Qc3 Rxe1+ 20. Qxe1 Bxh3 21. gxh3
Nf3+ 0-1

[Event "Challenge"]
[Site "http://www.queenalice.com/game.php?id=124121"]
[Date "2006.11.1"]
[Round "-"]
[White "torres"]
[Black "davividal"]
[Result "0-1"]
[WhiteElo "1287"]
[BlackElo "1426"]

1. e4 e5 2. Nf3 Nc6 3. Bc4 Nf6 4. Nc3 Be7 5. d4 exd4 6. Nxd4 O-O 7. a3 Ne5 8.
Bb3 d6 9. h3 c5 10. Nde2 c4 11. Ba2 Be6 12. Bf4 Nfd7 13. Qd4 Rc8 14. Bxe5 Nxe5
15. Qxa7 Qd7 16. O-O-O Ra8 17. Nd4 Rxa7 18. Rhe1 Rb8 19. f4 Nc6 20. f5 Bg5+ 21.
Kb1 Nxd4 22. fxe6 Nxe6 23. Bxc4 b5 24. Nxb5 Rxb5 25. Bxb5 Qxb5 0-1

[Event "Challenge"]
[Site "http://www.queenalice.com/game.php?id=124129"]
[Date "2006.11.1"]
[Round "-"]
[White "davividal"]
[Black "torres"]
[Result "0-1"]
[WhiteElo "1424"]
[BlackElo "1249"]

1. e4 c5 2. d4 d5 3. dxc5 Qa5+ 4. Nc3 Qxc5 5. Qxd5 e6 6. Qxc5 Bxc5 7. Bf4 a6 8.
a3 Nf6 9. b4 Bd4 10. Nge2 e5 11. Bg5 Nc6 12. O-O-O O-O 13. Bxf6 gxf6 14. Nd5 f5
15. exf5 Rd8 16. Nf6+ Kh8 17. f4 Be3+ 0-1

[Event "Challenge"]
[Site "http://www.queenalice.com/game.php?id=167982"]
[Date "2007.2.13"]
[Round "-"]
[White "torres"]
[Black "Nascimento"]
[Result "1-0"]
[WhiteElo "1195"]
[BlackElo "1126"]

1. e4 e5 2. Nf3 f6 3. Bc4 b6 4. Nc3 Nc6 5. a3 Nge7 6. d4 Nxd4 7. Nxd4 exd4 8.
Qxd4 Bb7 9. O-O c5 10. Qe3 Qc7 11. Rd1 O-O-O 12. f3 d5 13. Nb5 Qb8 14. exd5 Bxd5
15. Bxd5 Nxd5 16. Qe6+ Rd7 17. Rxd5 Kb7 18. Qxd7+ Ka8 19. Qc6+ Qb7 20. Rd8# 1-0

[Event "Challenge"]
[Site "http://www.queenalice.com/game.php?id=167985"]
[Date "2007.2.13"]
[Round "-"]
[White "torres"]
[Black "Gota"]
[Result "0-1"]
[WhiteElo "1180"]
[BlackElo "1208"]

1. d4 e6 2. c4 Qh4 3. Nf3 Qf6 4. Nc3 Nc6 5. Bg5 Qg6 6. a3 f6 7. Bf4 Bd6 8. e3
Bxf4 9. exf4 b6 10. h3 d6 11. Qa4 Bd7 12. Qd1 Nge7 13. d5 exd5 14. cxd5 Na5 15.
Nd4 Nf5 16. g4 Nxd4 17. Qxd4 Nb3 0-1

[Event "Challenge"]
[Site "http://www.queenalice.com/game.php?id=167986"]
[Date "2007.2.13"]
[Round "-"]
[White "torres"]
[Black "davividal"]
[Result "0-1"]
[WhiteElo "1180"]
[BlackElo "1650"]

1. e4 e6 2. d4 d5 3. e5 c5 4. c3 Nc6 5. Bb5 Qb6 6. a4 Bd7 7. Nf3 a6 8. Be2 Rc8
9. O-O f6 10. Ra2 c4 11. Qc2 Na5 12. Re1 Nb3 13. exf6 Nxf6 14. Ne5 Bd6 15. Nxd7
Kxd7 16. f3 Rce8 17. Nd2 Nxc1 18. Qxc1 Bf4 19. Qc2 Bxd2 20. Qxd2 Re7 21. g4 Rf8
22. Bd1 h6 23. Qf4 Nh7 24. Qg3 Ng5 25. f4 Ne4 26. Qf3 g5 0-1

[Event "Challenge"]
[Site "http://www.queenalice.com/game.php?id=167989"]
[Date "2007.2.13"]
[Round "-"]
[White "torres"]
[Black "vinicapi"]
[Result "0-1"]
[WhiteElo "1210"]
[BlackElo "1553"]

1. e4 e6 2. Nf3 d5 3. exd5 exd5 4. d4 Nf6 5. c4 dxc4 6. Bxc4 c6 7. h3 Bb4+ 8.
Bd2 Qe7+ 9. Ne5 O-O 10. O-O Nbd7 11. Nc3 Nxe5 12. dxe5 Qxe5 0-1

[Event "Challenge"]
[Site "http://www.queenalice.com/game.php?id=169035"]
[Date "2007.2.15"]
[Round "-"]
[White "antheu"]
[Black "torres"]
[Result "1-0"]
[WhiteElo "1196"]
[BlackElo "1165"]

1. e4 c5 2. Nc3 e6 3. Bc4 a6 4. Qg4 Nf6 5. Qh4 Be7 6. Nf3 d6 7. a3 h6 8. d3 Nc6
9. Bf4 Nxe4 10. Qh3 e5 11. Qh5 g6 12. dxe4 gxh5 13. Be3 Bg5 14. O-O Nd4 15. Bxd4
cxd4 16. Nd5 b5 17. Bb3 Bb7 18. a4 Rc8 19. a5 O-O 20. Nb6 Rb8 21. Bd5 Qc7 22.
Rac1 Bxc1 23. Rxc1 Bxd5 24. Nxd5 Qd7 25. Nb6 Qc6 26. Nd5 f5 27. Ne7+ 1-0

[Event "Challenge"]
[Site "http://www.queenalice.com/game.php?id=169284"]
[Date "2007.2.15"]
[Round "-"]
[White "torres"]
[Black "MKF"]
[Result "0-1"]
[WhiteElo "1208"]
[BlackElo "970"]

1. e4 c6 2. d4 d5 3. Nc3 dxe4 4. Nxe4 Bf5 5. Ng3 Bg6 6. Nf3 Nf6 7. Ne5 e6 8. a3
Nbd7 9. f3 Nxe5 10. dxe5 Qxd1+ 11. Kxd1 O-O-O+ 12. Bd2 Nh5 13. Bd3 Bxd3 14. cxd3
Nxg3 15. hxg3 Rxd3 16. Re1 Bc5 17. Rc1 Bf2 0-1

[Event "Lucas vs Torres"]
[Site "http://www.queenalice.com/game.php?id=170088"]
[Date "2007.2.17"]
[Round "-"]
[White "XtremeLM"]
[Black "torres"]
[Result "1-0"]
[WhiteElo "1635"]
[BlackElo "1180"]

1. c4 e6 2. d4 d5 3. cxd5 exd5 4. Nf3 Nc6 5. e3 a6 6. Nc3 Bb4 7. Bd2 Bxc3 8.
Bxc3 f6 9. Bd3 Nge7 10. Qc2 h6 11. Bg6+ Nxg6 12. Qxg6+ Kf8 13. O-O Qe8 14. Nh4
Qe7 15. Qg3 a5 16. Ng6+ 1-0

[Event "Challenge"]
[Site "http://www.queenalice.com/game.php?id=214681"]
[Date "2007.5.22"]
[Round "-"]
[White "torres"]
[Black "XtremeLM"]
[Result "0-1"]
[WhiteElo "1136"]
[BlackElo "1737"]

1. e4 c6 2. d4 d5 3. exd5 cxd5 4. Nf3 Nf6 5. Bd3 Nc6 6. O-O e6 7. Nc3 Bb4 8. Bg5
O-O 9. a3 Bxc3 10. bxc3 Qa5 11. Bxf6 gxf6 12. Qc1 Kg7 13. Ne5 Nxe5 14. dxe5 Qxc3
15. Re1 h6 16. Re3 fxe5 17. Rg3+ Kf6 18. Be2 Qd4 19. c3 Qe4 20. Bd3 Qa4 21.
Qxh6+ Ke7 22. Qe3 Kd6 23. c4 b6 24. Rg4 Qa5 25. cxd5 exd5 26. Rb4 Bd7 27. Qh6+
Be6 28. Qf6 Rac8 29. h3 Rc3 30. Bf5 Rfc8 31. Re1 e4 32. Bxe6 fxe6 33. Rd1 Rd3
34. Qf4+ Ke7 35. Qg5+ Kd7 36. Qg7+ Kd6 37. Rxd3 exd3 38. Qg3+ Kc6 39. Qxd3 Qc5
40. Qe2 Kd6 41. Qf3 Qc3 42. Qf7 Qxa3 43. Rb1 Qa4 44. Re1 Qd7 45. Qf4+ Kc5 46.
Qf6 Rc6 47. Ra1 a5 48. Qf8+ Kc4 49. Rc1+ Kb3 50. Qf3+ Kb2 51. Re1 d4 52. Qd1 Rc2
53. Qb1+ Kc3 54. Qxb6 Qd5 55. Rd1 d3 56. Qc7+ Kb4 57. Rb1+ Ka3 58. Qb6 d2 59.
Ra1+ Ra2 60. Rd1 a4 61. Qe3+ Kb4 62. Kh2 a3 63. f4 Rb2 64. Qb6+ Kc3 0-1

[Event "Challenge"]
[Site "http://www.queenalice.com/game.php?id=215032"]
[Date "2007.5.22"]
[Round "-"]
[White "andreavb"]
[Black "torres"]
[Result "0-1"]
[WhiteElo "1831"]
[BlackElo "1164"]

1. e4 c5 2. Nf3 e6 3. d4 cxd4 4. Nxd4 Nf6 5. Nc3 Bb4 6. Bd2 d6 7. Bd3 Nc6 8. Nf3
O-O 9. O-O a6 10. Rc1 Bd7 11. a3 Bc5 12. h3 Rc8 13. Bf4 Qc7 14. Re1 Qb6 15. Qd2
Nd4 16. Nxd4 Bxd4 17. Na4 Bxa4 18. c3 Be5 19. Be3 Qc6 20. f4 Nxe4 21. Bxe4 Qxe4
22. Re2 Bf6 23. Bc5 Qc6 24. Bf2 Bb3 25. Rce1 Bc4 26. Re3 Rfe8 27. g4 Qd5 28. Qc1
Qb5 29. Qd2 Qc6 30. Kh2 Bd8 31. Qd4 Bb6 0-1

[Event "Challenge"]
[Site "http://www.queenalice.com/game.php?id=215034"]
[Date "2007.5.22"]
[Round "-"]
[White "torres"]
[Black "andreavb"]
[Result "1-0"]
[WhiteElo "1134"]
[BlackElo "1861"]

1. e4 e5 2. Nf3 d6 3. Nc3 Be7 4. d4 Nd7 5. dxe5 Nxe5 6. Nxe5 dxe5 7. Qxd8+ Bxd8
8. Bd2 c6 9. Bc4 Nf6 10. Bb3 O-O 11. Be3 Ba5 12. f3 b5 13. O-O-O Bb7 14. Bc5
Rfe8 15. g4 a6 16. g5 Nh5 17. Rd7 Bc8 18. Bxf7+ Kh8 19. Bxe8 Bxd7 20. Bxd7 Rd8
21. Rd1 Nf4 22. Rd6 Bc7 23. Rd2 h6 24. Be7 Rg8 25. gxh6 gxh6 26. Bf6+ Kh7 27.
Bf5+ Ng6 28. Rd7+ Rg7 29. Rxg7+ Kh8 30. Rxg6+ Kh7 31. Rg4# 1-0

[Event "Challenge"]
[Site "http://www.queenalice.com/game.php?id=240981"]
[Date "2007.7.17"]
[Round "-"]
[White "XtremeLM"]
[Black "torres"]
[Result "1-0"]
[WhiteElo "1723"]
[BlackElo "1194"]

1. e4 c5 2. Nf3 e6 3. d4 cxd4 4. Nxd4 Nf6 5. Nc3 Bb4 6. e5 Nd5 7. Bd2 Bxc3 8.
bxc3 O-O 9. c4 Ne7 10. Bd3 d6 11. exd6 Qxd6 12. Bc3 Qe5+ 13. Qe2 Qxe2+ 14. Bxe2
Nf5 15. Nb5 Nc6 16. O-O-O Nh4 17. g3 Ng6 18. h4 Nge7 19. h5 h6 20. f4 Nf5 21.
Rd3 f6 22. g4 Nfe7 23. Bf3 e5 24. f5 Rb8 25. Rhd1 a6 26. Nc7 b6 27. a4 Kh7 28.
Rd6 Bb7 29. Ne6 Rfe8 30. Rd7 Ba8 31. Nc7 Rec8 32. Nxa8 Rxa8 33. Bb4 Ng8 34. Bd6
a5 35. Rd3 Kh8 36. Bd5 Kh7 37. c5 bxc5 38. Rb3 Nb8 39. Rf7 Nc6 40. Rbb7 1-0